| 000 | 00380 a2200133 4500 | ||
|---|---|---|---|
| 020 | _a0471080667 | ||
| 024 | _a9780471080664 | ||
| 082 |
_a658.15224 _bGompers, Paul A. |
||
| 090 |
_c2743 _d2743 |
||
| 245 |
_aEnterpreneurial Finance A Case book _cPaul A. Gompers _hWilliam Sahlman |
||
| 260 |
_aNew York _bJohn Wiley & Sons _c2002 |
||
| 300 | _a692 | ||
| 942 |
_aNBS _cBK _k658.15224 GOM |
||
| 999 |
_c345234 _d345234 |
||